Alimentos funcionales , glosario

El siguiente glosario contiene ml͠tiples třminos sobre alimentos funcionales.

Gorde:
Xehetasun bibliografikoak
Beste egile batzuk: Fundacin̤ Eroski
Formatua: Liburua
Hizkuntza:gaztelania
Gaiak:
Sarrera elektronikoa:Alimentos funcionales , glosario
Etiketak: Etiketa erantsi
Etiketarik gabe, Izan zaitez lehena erregistro honi etiketa jartzen!

MARC

LEADER 00000nam a22000004a 4500
001 vpro3866
005 20201223000000.0
008 s2010 ck # g## #001 0#spa#d
020
022
040 |a CO-BoINGC 
041 0 |a spa 
245 1 0 |a Alimentos funcionales , glosario 
246 |a Functional foods : glossary 
264 |a Bogot ̀(Colombia) :  |b Revista VirtualPRO,  |c 2010 
520 3 |a El siguiente glosario contiene ml͠tiples třminos sobre alimentos funcionales. 
650 \ \ |a Alimentos 
650 \ \ |a Industrias alimenticias 
650 \ \ |a Food 
650 \ \ |a Food industry and trade 
650 \ \ |a Glosario 
650 \ \ |a Alimentos funcionales 
650 \ \ |a Glossary 
650 \ \ |a functional foods  
700 \ \ |a Fundacin̤ Eroski 
856 |z Alimentos funcionales , glosario  |u https://virtualpro.unach.elogim.com/biblioteca/alimentos-funcionales-glosario